| 000 | 01582nam a22003017a 4500 | ||
|---|---|---|---|
| 999 |
_c62983 _d62983 |
||
| 005 | 20240530110617.0 | ||
| 008 | 161204s2013 ua bc f b 001 0 ara d | ||
| 017 |
_a2013/4153 (مج1) _bمصر . دار الكتب المصرية |
||
| 017 |
_a2013/4154 (مج2) _bمصر . دار الكتب المصرية |
||
| 017 |
_a2013/4155 (مج3) _bمصر . دار الكتب المصرية |
||
| 020 | _a9789771809605 (مج1) | ||
| 020 | _a9789771809616 (مج2) | ||
| 020 | _a9789771809623 (مج3) | ||
| 040 | _aEG-CaGPL | ||
| 082 | 0 | 4 |
_221 _a962.43 _bق/ع ت |
| 100 | 0 |
_aعمر طوسون _d1872 - 1944 _qعمر بن طوسون بن محمد سعيد بن محمد علي |
|
| 245 | 1 | 0 |
_aتاريخ مديرية خط الاستواء المصرية : _bمن فتحها إلى ضياعها من سنة 1869 - 1889م / _cعمر طوسون ؛ تقديم ودراسة السيد فليفل ؛ اعداد وتحقيق صفاء محمد شاكر |
| 260 |
_aالقاهرة : _bدار الكتب والوثائق القومية ، _c2013 |
||
| 300 |
_a3 مج : _bخرائط ، صور شخصية ؛ _c24 سم + _eملاحق |
||
| 504 | _aببليوجرافية : ص 301 -312 | ||
| 651 | 0 | 7 |
_2qrmak _aمصر _xتاريخ |
| 651 | 0 | 7 |
_2qrmak _aمصر _xتاريخ _yالعصر الحديث |
| 651 | 0 | 7 |
_2qrmak _aمصر _xتاريخ _yالعصر الحديث _yالخديوي توفيق (1879-1892م) |
| 700 | 0 |
_aالسيد فليفل _eمقدم |
|
| 700 | 0 |
_aصفاء محمد شاكر _eمعد |
|
| 942 |
_2ddc _cBK |
||